• 首页
  • 本馆介绍
  • 公告通知
  • 最新文献
  • 馆藏检索
  • 电子资源
  • 读者导购
  • 参考咨询
  • 我的图书馆
  • 登录
  • 详细信息显示
  • 放入我的书架
  • 预约/预借图书
  • 作者相关作品
  • 分类相关作品
  • 丛书相关作品
  • 出版社相关作品

书目信息

  • 表格格式
  • 工作单格式
  • 卡片格式
题名:
钳工基础知识
    
 
作者: ;国营西南仪器厂编写组 编
分册:  
出版信息: 昆明   云南人民出版社  1973
页数: 150页
开本: 19cm
丛书名:
单 册:
中图分类: TG91
科图分类:
主题词: 钳工--工艺--理论 , 装配--工艺--理论
电子资源:
ISBN:
000 00591nam0 2200205 45
001 0405211509
005 20060509110935.06
010    @dCNY0.36
091    @a15116.103
100    @a20040521d1973 km y0chiy0120 ea
101 0  @achi
200 1  @a钳工基础知识@AQian Gong Ji Chu Zhi Shi@f国营西南仪器厂编写组编@FGuo Ying Xi Nan Yi Qi Chang Bian Xie Zu Bian
210    @a昆明@c云南人民出版社@d1973
215    @a150页@d19cm
606 0  @a钳工@x工艺@x理论
606 0  @a装配@x工艺@x理论
690    @aTG91@v3
711  0 @a国营西南仪器厂编写组@4编
801    @aCN@bPftUser@c20060509
905    @dTG91@e5
    
    钳工基础知识/国营西南仪器厂编写组编.-昆明:云南人民出版社,1973
    150页;19cm
    
    
    ISBN :CNY0.36
    
●
相关链接 在E读中查询图书 在五车中查询图书 在当当中查询图书 在豆瓣中查询图书


正题名:钳工基础知识     索取号:TG91/5         预约/预借

序号 登录号 条形码 馆藏地/架位号 状态 备注
1 0016819   001363615   第二样本阅览室/ [索取号:TG91/5] 在馆    
2 0016821   202315798   密集书库/ [索取号:TG91/5] 在馆    
3 0016822   001363571   第三借阅区/ [索取号:TG91/5] 在馆    
唐山师范学院图书馆 欢迎您!
大连网信软件有限公司© 版权所有